[Event "Labor Day IM"]
[Site "Los Angeles USA"]
[Date "2022.09.04"]
[Round "7.2"]
[White "Preotu, Razvan"]
[Black "Talukdar, Rohan"]
[Result "1/2-1/2"]
[WhiteElo "2450"]
[BlackElo "2339"]
[WhiteFideId "-1"]
[WhiteFideId "-1"]
[PlyCount "52"]
[GameId "2130307571259087"]
[EventDate "2022.09.01"]
[EventType "tourn"]
[EventRounds "9"]
[EventCountry "USA"]
[EventCategory "2"]
[SourceTitle "10 Days #698"]
[Source "ChessMix"]
[SourceDate "2022.09.10"]
[SourceVersion "1"]
[SourceVersionDate "2022.09.10"]
[SourceQuality "1"]

1. e4 d6 2. d4 Nf6 3. Nc3 e5 4. Nge2 c6 5. h3 g6 6. Be3 Bg7 7. dxe5 dxe5 8. Qxd8+ Kxd8 9. O-O-O+ Kc7 10. f4 Nfd7 11. g3 Nb6 12. Ng1 Be6 13. Nf3 N8d7 14. Ng5 exf4 15. gxf4 Rae8 16. Bd4 Bxd4 17. Rxd4 h6 18. Nf3 f6 19. h4 g5 20. hxg5 hxg5 21. Rxh8 Rxh8 22. fxg5 Bg4 23. Be2 Bxf3 24. Bxf3 Ne5 25. Be2 fxg5 26. Rd1 Nbd7 1/2-1/2

[Event "Labor Day IM"]
[Site "Los Angeles USA"]
[Date "2022.09.04"]
[Round "8.4"]
[White "Ouellet, Maili-Jade"]
[Black "Preotu, Razvan"]
[Result "0-1"]
[WhiteElo "2174"]
[BlackElo "2450"]
[WhiteFideId "-1"]
[WhiteFideId "-1"]
[PlyCount "60"]
[GameId "2130307571259094"]
[EventDate "2022.09.01"]
[EventType "tourn"]
[EventRounds "9"]
[EventCountry "USA"]
[EventCategory "2"]
[SourceTitle "10 Days #698"]
[Source "ChessMix"]
[SourceDate "2022.09.10"]
[SourceVersion "1"]
[SourceVersionDate "2022.09.10"]
[SourceQuality "1"]

1. d4 Nf6 2. c4 g6 3. f3 Bg7 4. e4 d6 5. Nc3 O-O 6. Be3 a6 7. Qd2 c5 8. d5 b5 9. cxb5 Qa5 10. a4 Nfd7 11. Nh3 Nb6 12. Nf2 axb5 13. Bxb5 Ba6 14. Bxa6 Nxa6 15. Ncd1 Nb4 16. O-O Rfb8 17. Bg5 Nc4 18. Qc1 Qa6 19. Bxe7 Bd4 20. Bh4 Nd3 21. Qc2 Ndxb2 22. Qe2 Nxd1 23. Rfxd1 Bxa1 24. Rxa1 Rb2 25. Qf1 Ne3 26. Qe1 Rab8 27. Bf6 Nc2 28. Qc1 Nxa1 29. Bxb2 Qb6 30. Qxa1 Qxb2 0-1

[Event "Labor Day IM"]
[Site "Los Angeles USA"]
[Date "2022.09.05"]
[Round "9.3"]
[White "Preotu, Razvan"]
[Black "Marek, Matyas"]
[Result "1-0"]
[WhiteElo "2450"]
[BlackElo "2338"]
[WhiteFideId "-1"]
[WhiteFideId "-1"]
[PlyCount "81"]
[GameId "2130307571259098"]
[EventDate "2022.09.01"]
[EventType "tourn"]
[EventRounds "9"]
[EventCountry "USA"]
[EventCategory "2"]
[SourceTitle "10 Days #698"]
[Source "ChessMix"]
[SourceDate "2022.09.10"]
[SourceVersion "1"]
[SourceVersionDate "2022.09.10"]
[SourceQuality "1"]

1. e4 e5 2. Nf3 Nf6 3. Nxe5 d6 4. Nf3 Nxe4 5. d4 d5 6. Bd3 Bd6 7. O-O O-O 8. c4 c6 9. Nc3 Nxc3 10. bxc3 dxc4 11. Bxc4 Bf5 12. Bg5 Qa5 13. Nh4 Be6 14. Bxe6 Qxg5 15. Nf3 Qf6 16. Bb3 Nd7 17. Nd2 Rfe8 18. f4 c5 19. Nc4 cxd4 20. cxd4 Rad8 21. Ne5 Re7 22. Qc2 Nf8 23. Kh1 Bb8 24. Qe4 a6 25. Rae1 Rde8 26. Qd5 Bxe5 27. fxe5 Qg6 28. Rc1 Ne6 29. Qd6 Qg4 30. Rc8 Rxc8 31. Qxe7 Qf5 32. Kg1 Nf4 33. Qxf7+ Qxf7 34. Rxf4 Rc1+ 35. Kf2 Rc2+ 36. Ke3 Rc3+ 37. Ke4 Qxb3 38. axb3 Rxb3 39. e6 Rb1 40. Kd5 g5 41. e7 1-0

[Event "Titled Tuesday 2022.08.23 Early"]
[Site "Chess.com INT"]
[Date "2022.08.23"]
[Round "2"]
[White "Preotu, Razvan"]
[Black "Sadykov, Ramil"]
[Result "0-1"]
[WhiteElo "2433"]
[BlackElo "2345"]
[WhiteFideId "-1"]
[WhiteFideId "-1"]
[PlyCount "88"]
[GameId "1819149992693760"]
[EventDate "2022.08.23"]
[EventType "swiss (blitz)"]
[EventRounds "11"]
[EventCountry "NET"]
[SourceTitle "EXT 2023"]
[Source "ChessBase"]
[SourceDate "2022.10.05"]
[SourceVersion "1"]
[SourceVersionDate "2022.10.05"]
[SourceQuality "1"]

1. e4 c5 2. Nf3 e6 3. c3 Nf6 4. e5 Nd5 5. d4 cxd4 6. cxd4 d6 7. Bc4 Be7 8. O-O O-O 9. Qe2 Bd7 10. Nc3 Bc6 11. Ne4 dxe5 12. Nxe5 Nd7 13. Nxc6 bxc6 14. Bd2 N7f6 15. Bd3 Nxe4 16. Qxe4 g6 17. Rac1 Rb8 18. b3 Qd7 19. g3 Bf6 20. h4 h5 21. Rc4 Rfd8 22. Rfc1 Nb6 23. Rxc6 Qxd4 24. Bf4 Rb7 25. Bb1 Nd5 26. Bg5 Qxe4 27. Bxe4 Kg7 28. Rc8 Rxc8 29. Rxc8 Bxg5 30. hxg5 Rb4 31. Bxd5 exd5 32. Rc7 a5 33. Ra7 Rb5 34. Kg2 d4 35. f4 Rd5 36. Kf2 d3 37. Ke1 d2+ 38. Kd1 Kf8 39. Rc7 Rd3 40. Rc5 Rxg3 41. Rxa5 h4 42. Re5 h3 43. Re2 Rg2 44. Re3 h2 0-1

[Event "Titled Tuesday 2022.08.23 Early"]
[Site "Chess.com INT"]
[Date "2022.08.23"]
[Round "3"]
[White "Malyi, Viacheslav"]
[Black "Preotu, Razvan"]
[Result "0-1"]
[WhiteElo "2391"]
[BlackElo "2433"]
[WhiteFideId "-1"]
[WhiteFideId "-1"]
[PlyCount "122"]
[GameId "1819149993521152"]
[EventDate "2022.08.23"]
[EventType "swiss (blitz)"]
[EventRounds "11"]
[EventCountry "NET"]
[SourceTitle "EXT 2023"]
[Source "ChessBase"]
[SourceDate "2022.10.05"]
[SourceVersion "1"]
[SourceVersionDate "2022.10.05"]
[SourceQuality "1"]

1. e4 c5 2. Nf3 d6 3. d4 cxd4 4. Nxd4 Nf6 5. Nc3 a6 6. Rg1 b5 7. g4 Bb7 8. Bg2 e5 9. Nf5 b4 10. Nd5 Nxd5 11. exd5 g6 12. Ng3 h6 13. Be3 Nd7 14. Qd2 a5 15. O-O-O Qc7 16. Kb1 Bg7 17. h4 Nf6 18. Bf3 Qc4 19. g5 hxg5 20. hxg5 Nd7 21. Ne4 Ke7 22. b3 Qc7 23. Bg4 Nb6 24. Bxb6 Qxb6 25. f4 exf4 26. Qxf4 Be5 27. Qf3 a4 28. Rgf1 Rhf8 29. Rfe1 axb3 30. cxb3 Kd8 31. Qe3 Qxe3 32. Rxe3 Kc7 33. Nd2 Ra5 34. Nc4 Rxd5 35. Rxd5 Bxd5 36. Nxe5 dxe5 37. Rxe5 Kd6 38. Re2 Rh8 39. Rd2 Ke5 40. Kb2 Rh4 41. Be2 Rh2 42. Kc1 Rg2 43. Bb5 Rxg5 44. Re2+ Kd6 45. Rd2 Kc5 46. Be8 Rg1+ 47. Kb2 Be4 48. a4 bxa3+ 49. Kxa3 f5 50. b4+ Kb6 51. Rd6+ Kc7 52. Rxg6 Rd1 53. Rg7+ Kd8 54. Bf7 Rd7 55. Rg8+ Ke7 56. Bg6 Kf6 57. Be8 Rd8 58. Kb2 Ke7 59. Rg7+ Kxe8 60. Ra7 Rd7 61. Kc3 Rxa7 0-1

[Event "Titled Tuesday 2022.08.23 Early"]
[Site "Chess.com INT"]
[Date "2022.08.23"]
[Round "5"]
[White "Winterberg, Lukas"]
[Black "Preotu, Razvan"]
[Result "1-0"]
[WhiteElo "2394"]
[BlackElo "2433"]
[WhiteFideId "-1"]
[WhiteFideId "-1"]
[PlyCount "89"]
[GameId "1819149994639360"]
[EventDate "2022.08.23"]
[EventType "swiss (blitz)"]
[EventRounds "11"]
[EventCountry "NET"]
[SourceTitle "EXT 2023"]
[Source "ChessBase"]
[SourceDate "2022.10.05"]
[SourceVersion "1"]
[SourceVersionDate "2022.10.05"]
[SourceQuality "1"]

1. Nf3 c5 2. c4 Nc6 3. Nc3 g6 4. e3 Nf6 5. d4 cxd4 6. exd4 d5 7. cxd5 Nxd5 8. Bc4 Nb6 9. Bb5 Bg7 10. O-O O-O 11. Bg5 Nxd4 12. Nxd4 Bxd4 13. Bxe7 Bxf2+ 14. Rxf2 Qxe7 15. Qd2 Be6 16. Re1 Qh4 17. Re4 Qh5 18. Be2 Qc5 19. Qh6 Rfd8 20. Rh4 Qe5 21. Qxh7+ Kf8 22. Qxg6 Rd4 23. Qh6+ Ke7 24. Rh5 Qd6 25. Qf6+ Kd7 26. Nb5 Rd1+ 27. Bxd1 Qxd1+ 28. Rf1 Qxh5 29. Nd4 Nd5 30. Qg7 Qg6 31. Nxe6 Kxe6 32. Re1+ Kd6 33. Qe5+ Kc6 34. Rc1+ Kb6 35. Qxd5 Ka6 36. Qc4+ b5 37. Qc5 Qb6 38. b4 Rd8 39. h4 Rd2 40. a3 Ra2 41. Qxb6+ Kxb6 42. h5 Rxa3 43. h6 Rg3 44. Rc8 Kb7 45. Rf8 1-0

[Event "Titled Tuesday 2022.08.23 Early"]
[Site "Chess.com INT"]
[Date "2022.08.23"]
[Round "7"]
[White "Preotu, Razvan"]
[Black "Klenburg, Mikhail"]
[Result "1-0"]
[WhiteElo "2433"]
[BlackElo "2347"]
[WhiteFideId "-1"]
[WhiteFideId "-1"]
[PlyCount "99"]
[GameId "1819149995728896"]
[EventDate "2022.08.23"]
[EventType "swiss (blitz)"]
[EventRounds "11"]
[EventCountry "NET"]
[SourceTitle "EXT 2023"]
[Source "ChessBase"]
[SourceDate "2022.10.05"]
[SourceVersion "1"]
[SourceVersionDate "2022.10.05"]
[SourceQuality "1"]

1. e4 d6 2. d4 Nf6 3. Nc3 g6 4. Be3 c6 5. h3 Nbd7 6. g4 e5 7. Nf3 h5 8. g5 Nh7 9. Qd2 Bg7 10. O-O-O O-O 11. dxe5 dxe5 12. Qd6 Re8 13. Bc4 Nhf8 14. Nh4 Ne6 15. Nxg6 Nb6 16. Qxd8 Nxd8 17. Ne7+ Rxe7 18. Rxd8+ Kh7 19. Be2 Kg6 20. h4 Rd7 21. Rd1 Rxd1+ 22. Kxd1 f6 23. a4 Kf7 24. Bxh5+ Ke7 25. Re8+ Kd6 26. f3 fxg5 27. hxg5 Be6 28. Rxa8 Nxa8 29. Bxa7 Nc7 30. b3 Na6 31. Be3 Ke7 32. Kd2 Kd7 33. Nd1 Ke7 34. Nf2 Kf8 35. Bg4 Ke7 36. Bxe6 Kxe6 37. Nd3 Bf8 38. c4 Be7 39. Kc3 Bd6 40. b4 Be7 41. b5 Nb8 42. Nc5+ Bxc5 43. Bxc5 Nd7 44. Be3 c5 45. a5 Kd6 46. a6 bxa6 47. bxa6 Kc6 48. g6 Nf6 49. g7 Ng8 50. Bxc5 1-0

[Event "Titled Tuesday 2022.08.23 Early"]
[Site "Chess.com INT"]
[Date "2022.08.23"]
[Round "8"]
[White "Hebden, Mark"]
[Black "Preotu, Razvan"]
[Result "0-1"]
[WhiteElo "2476"]
[BlackElo "2433"]
[WhiteFideId "-1"]
[WhiteFideId "-1"]
[PlyCount "108"]
[GameId "1819149996392448"]
[EventDate "2022.08.23"]
[EventType "swiss (blitz)"]
[EventRounds "11"]
[EventCountry "NET"]
[SourceTitle "EXT 2023"]
[Source "ChessBase"]
[SourceDate "2022.10.05"]
[SourceVersion "1"]
[SourceVersionDate "2022.10.05"]
[SourceQuality "1"]

1. d4 Nf6 2. Nf3 g6 3. g3 Bg7 4. Bg2 d5 5. O-O O-O 6. c4 dxc4 7. Na3 c3 8. bxc3 c5 9. Bb2 Nc6 10. Re1 Qb6 11. Nc4 Qa6 12. Nce5 Be6 13. e3 Nxe5 14. Nxe5 Nd7 15. Nxd7 Bxd7 16. Qb3 Bc6 17. Bxc6 Qxc6 18. d5 Qb6 19. Rab1 Qxb3 20. axb3 b5 21. c4 Rfb8 22. Bxg7 Kxg7 23. e4 a5 24. e5 bxc4 25. bxc4 Rb4 26. Rbc1 a4 27. Kg2 a3 28. Re2 a2 29. Ra1 Rba4 30. Rc2 f6 31. f4 g5 32. Kf3 fxe5 33. fxe5 Ra3+ 34. Ke4 Kg6 35. d6 e6 36. d7 Rd8 37. Raxa2 Rxa2 38. Rxa2 Rxd7 39. g4 Rd4+ 40. Kf3 Rf4+ 41. Kg3 Rxc4 42. Ra6 Kf7 43. Ra7+ Ke8 44. Rxh7 Re4 45. Rc7 Rxe5 46. h4 gxh4+ 47. Kxh4 Kd8 48. Rf7 c4 49. g5 c3 50. Rf2 Rc5 51. g6 Ke7 52. g7 Rc8 53. Kg5 Kd6 54. Kg6 Kd5 0-1

[Event "Titled Tuesday 2022.08.23 Early"]
[Site "Chess.com INT"]
[Date "2022.08.23"]
[Round "9"]
[White "Jakubowski, Krzysztof"]
[Black "Preotu, Razvan"]
[Result "0-1"]
[WhiteElo "2483"]
[BlackElo "2433"]
[WhiteFideId "-1"]
[WhiteFideId "-1"]
[PlyCount "96"]
[GameId "1819149996826624"]
[EventDate "2022.08.23"]
[EventType "swiss (blitz)"]
[EventRounds "11"]
[EventCountry "NET"]
[SourceTitle "EXT 2023"]
[Source "ChessBase"]
[SourceDate "2022.10.05"]
[SourceVersion "1"]
[SourceVersionDate "2022.10.05"]
[SourceQuality "1"]

1. e4 c5 2. Nf3 d6 3. d4 cxd4 4. Nxd4 Nf6 5. Nc3 a6 6. Be3 e5 7. Nb3 Be6 8. h3 Be7 9. Qf3 O-O 10. O-O-O b5 11. g4 b4 12. Nd5 Nxd5 13. exd5 Bc8 14. Nd2 a5 15. Ne4 Nd7 16. g5 f5 17. gxf6 Nxf6 18. Rg1 Nxe4 19. Qxe4 Bf5 20. Qg2 Bf6 21. Bd3 Qc8 22. Kb1 a4 23. Bxf5 Qxf5 24. Qg4 Qxg4 25. Rxg4 Rab8 26. Rc4 Rb5 27. b3 axb3 28. cxb3 h6 29. Rd3 Bg5 30. Bxg5 hxg5 31. f3 Kh7 32. Re3 Rf4 33. Ree4 Kg6 34. Kc2 Kh5 35. Rxf4 gxf4 36. Rc7 Kg6 37. Kd3 Rxd5+ 38. Kc4 Rd4+ 39. Kb5 Kf6 40. h4 g6 41. Rh7 e4 42. fxe4 Rxe4 43. Rh8 Kg7 44. Rd8 f3 45. Rd7+ Kh6 46. Rxd6 Rf4 47. Rd1 f2 48. Rf1 Kh5 0-1

[Event "Titled Tuesday 2022.08.23 Early"]
[Site "Chess.com INT"]
[Date "2022.08.23"]
[Round "10"]
[White "Preotu, Razvan"]
[Black "Jia, Haoxiang"]
[Result "1/2-1/2"]
[WhiteElo "2433"]
[BlackElo "2331"]
[WhiteFideId "-1"]
[WhiteFideId "-1"]
[PlyCount "59"]
[GameId "1819149997076480"]
[EventDate "2022.08.23"]
[EventType "swiss (blitz)"]
[EventRounds "11"]
[EventCountry "NET"]
[SourceTitle "EXT 2023"]
[Source "ChessBase"]
[SourceDate "2022.10.05"]
[SourceVersion "1"]
[SourceVersionDate "2022.10.05"]
[SourceQuality "1"]

1. e4 c5 2. Nf3 d6 3. d4 cxd4 4. Nxd4 Nf6 5. Nc3 g6 6. Be3 Bg7 7. f3 O-O 8. Qd2 Nc6 9. Bc4 Bd7 10. O-O-O Rc8 11. Bb3 Ne5 12. Kb1 Nc4 13. Bxc4 Rxc4 14. g4 b5 15. h4 b4 16. Nd5 Nxd5 17. exd5 Qa5 18. Nb3 Qc7 19. Bh6 Bxh6 20. Qxh6 f6 21. Rhe1 Ba4 22. Rd2 Rc8 23. Rde2 Rxc2 24. Rxe7 Rxb2+ 25. Kxb2 Qc3+ 26. Kb1 Qc2+ 27. Ka1 Qc3+ 28. Kb1 Qc2+ 29. Ka1 Qc3+ 30. Kb1 1/2-1/2

[Event "Titled Tuesday 2022.08.23 Early"]
[Site "Chess.com INT"]
[Date "2022.08.23"]
[Round "11"]
[White "Aldokhin, Ivan"]
[Black "Preotu, Razvan"]
[Result "0-1"]
[WhiteElo "2413"]
[BlackElo "2433"]
[WhiteFideId "-1"]
[WhiteFideId "-1"]
[PlyCount "130"]
[GameId "1819149997793280"]
[EventDate "2022.08.23"]
[EventType "swiss (blitz)"]
[EventRounds "11"]
[EventCountry "NET"]
[SourceTitle "EXT 2023"]
[Source "ChessBase"]
[SourceDate "2022.10.05"]
[SourceVersion "1"]
[SourceVersionDate "2022.10.05"]
[SourceQuality "1"]

1. e4 c5 2. Nf3 d6 3. d4 cxd4 4. Nxd4 Nf6 5. Nc3 a6 6. Bc4 e6 7. Bb3 b5 8. Qe2 Be7 9. g4 b4 10. Na4 d5 11. e5 Ne4 12. Be3 Bd7 13. O-O Qa5 14. f3 Ng5 15. h4 Nh3+ 16. Kg2 Bxa4 17. Kxh3 Nc6 18. Bxa4 Qxa4 19. f4 Rc8 20. Rf2 Nxd4 21. Bxd4 b3 22. Bc3 bxc2 23. f5 h5 24. Rg1 Rc4 25. fxe6 hxg4+ 26. Kg2 Re4 27. exf7+ Kf8 28. Qxc2 Qd7 29. Qb3 Rc4 30. e6 Qxe6 31. Qb8+ Rc8 32. Qf4 Rxh4 33. Rgf1 Qe4+ 34. Qxe4 dxe4 35. Re2 Rc4 36. Re3 Rh3 37. Rxh3 gxh3+ 38. Kxh3 Bb4 39. Rf2 Bxc3 40. bxc3 Rxc3+ 41. Kg4 Rf3 42. Re2 Rxf7 43. Rxe4 Rf6 44. Ra4 Kf7 45. Kg5 Rb6 46. Kg4 Ke6 47. Ra5 Kf6 48. Kg3 g6 49. Ra4 Kf5 50. Ra5+ Ke4 51. Ra4+ Kd3 52. Kg4 Kc3 53. Kg5 Kb2 54. Kg4 Kc3 55. Kg5 Kd3 56. Kg4 Kd2 57. Kg3 Kc3 58. Kg4 Rb4+ 59. Rxb4 Kxb4 60. Kg5 Ka3 61. Kxg6 Kxa2 62. Kf5 a5 63. Ke4 Kb3 64. Kd3 a4 65. Kd2 a3 0-1

[Event "Titled Tuesday 2022.08.23 Early"]
[Site "chess.com INT"]
[Date "2022.08.23"]
[Round "1"]
[White "Chernomordik, Pavel"]
[Black "Preotu, Razvan"]
[Result "0-1"]
[WhiteElo "2200"]
[BlackElo "2433"]
[WhiteFideId "-1"]
[WhiteFideId "-1"]
[PlyCount "56"]
[GameId "2130307571542691"]
[EventDate "2022.08.23"]
[EventType "swiss (blitz)"]
[EventRounds "11"]
[EventCountry "NET"]
[SourceTitle "The Week in Chess 1451"]
[Source "Mark Crowther"]
[SourceDate "2022.08.29"]
[SourceVersion "1"]
[SourceVersionDate "2022.08.29"]
[SourceQuality "2"]

1. e4 c5 2. Nc3 d6 3. f4 g6 4. Nf3 Bg7 5. Bb5+ Bd7 6. Bxd7+ Qxd7 7. O-O Nc6 8. d3 f5 9. Ng5 h6 10. Nf3 e6 11. Nh4 Nge7 12. exf5 exf5 13. Re1 O-O-O 14. a3 Rdg8 15. Nf3 Bf6 16. Qe2 g5 17. Qe6 g4 18. Qxf6 gxf3 19. g3 h5 20. Nb5 h4 21. Kf2 hxg3+ 22. hxg3 Rh2+ 23. Kxf3 Ne5+ 24. fxe5 Qc6+ 25. Re4 fxe4+ 26. dxe4 Qxb5 27. Qe6+ Kb8 28. Qxd6+ Ka8 0-1

[Event "Titled Tuesday 2022.08.23 Early"]
[Site "chess.com INT"]
[Date "2022.08.23"]
[Round "4"]
[White "Preotu, Razvan"]
[Black "Namitbir, Singh Walia"]
[Result "0-1"]
[WhiteElo "2433"]
[BlackElo "2363"]
[WhiteFideId "-1"]
[WhiteFideId "-1"]
[PlyCount "86"]
[GameId "2130307571546925"]
[EventDate "2022.08.23"]
[EventType "swiss (blitz)"]
[EventRounds "11"]
[EventCountry "NET"]
[SourceTitle "The Week in Chess 1451"]
[Source "Mark Crowther"]
[SourceDate "2022.08.29"]
[SourceVersion "1"]
[SourceVersionDate "2022.08.29"]
[SourceQuality "2"]

1. e4 e5 2. Nf3 Nc6 3. Bc4 Nf6 4. d3 Be7 5. O-O O-O 6. Re1 d6 7. a4 Na5 8. Ba2 c5 9. c3 Nc6 10. Nbd2 h6 11. h3 Re8 12. Nf1 Bf8 13. Ne3 Be6 14. Bxe6 Rxe6 15. c4 g6 16. Bd2 a5 17. Nd5 Bg7 18. Qb3 Nb4 19. Bxb4 axb4 20. Nd2 Nxd5 21. cxd5 Re8 22. Nc4 f5 23. a5 f4 24. Qa4 Ra6 25. Qb5 Qe7 26. Kf1 f3 27. gxf3 Rf8 28. Ke2 h5 29. Rg1 Kh7 30. Rg3 Bh6 31. Rag1 Rf6 32. Kd1 Qf7 33. h4 Bf4 34. Rh3 Bh6 35. Ke2 Ra8 36. Qb6 Qe7 37. Ra1 Qd7 38. Rg3 Bf4 39. Rg2 Rf7 40. Rag1 Rf6 41. Nxe5 Bxe5 42. f4 Bxf4 43. d4 Ra6 0-1

[Event "Titled Tuesday 2022.08.23 Early"]
[Site "chess.com INT"]
[Date "2022.08.23"]
[Round "6"]
[White "Kvaloy, Aksel Bu"]
[Black "Preotu, Razvan"]
[Result "0-1"]
[WhiteElo "2266"]
[BlackElo "2433"]
[WhiteFideId "-1"]
[WhiteFideId "-1"]
[PlyCount "126"]
[GameId "2130307571546980"]
[EventDate "2022.08.23"]
[EventType "swiss (blitz)"]
[EventRounds "11"]
[EventCountry "NET"]
[SourceTitle "The Week in Chess 1451"]
[Source "Mark Crowther"]
[SourceDate "2022.08.29"]
[SourceVersion "1"]
[SourceVersionDate "2022.08.29"]
[SourceQuality "2"]

1. e4 c5 2. Nf3 d6 3. d4 cxd4 4. Nxd4 Nf6 5. Nc3 a6 6. h4 e5 7. Nb3 Be7 8. Be2 Be6 9. f4 Nc6 10. f5 Bxb3 11. axb3 d5 12. exd5 Nd4 13. Be3 Nxf5 14. Bf2 Nd6 15. Qd3 O-O 16. O-O-O b5 17. g4 b4 18. Na4 Nfe4 19. Bb6 Qc8 20. Rhe1 Bxh4 21. Rh1 Bg5+ 22. Kb1 h6 23. c4 bxc3 24. bxc3 Rb8 25. Qxa6 Nxc3+ 26. Nxc3 Qxc3 27. Rd3 Qb4 28. Ba5 Qe4 29. Re1 Nc4 30. Bc7 Rxb3+ 31. Kc2 Rxd3 32. Bxd3 Qxe1 33. Qxc4 Qc1+ 34. Kb3 Qxc4+ 35. Kxc4 Bd8 36. Bd6 Re8 37. Bf5 g6 38. Bd7 Re7 39. Bxe7 Bxe7 40. Kd3 Kg7 41. Ke4 Kf6 42. Be8 Bd6 43. Kf3 Ke7 44. Bb5 f5 45. gxf5 gxf5 46. Ba6 Kf6 47. Be2 Kg5 48. Ke3 Bc5+ 49. Kd3 Bd6 50. Ke3 h5 51. Kf3 h4 52. Bf1 e4+ 53. Ke3 Kf6 54. Kd4 Kg5 55. Bh3 Kf4 56. Kc3 Ke5 57. Kc4 f4 58. Bg4 f3 59. Kc3 Kf4 60. Bh3 e3 61. Bf1 Kg3 62. Kd3 Kf2 63. Bh3 e2 0-1

[Event "Titled Tuesday 2022.08.23 Late"]
[Site "Chess.com INT"]
[Date "2022.08.23"]
[Round "1"]
[White "Dudzinski, Pawel"]
[Black "Preotu, Razvan"]
[Result "0-1"]
[WhiteElo "2198"]
[BlackElo "2433"]
[WhiteFideId "-1"]
[WhiteFideId "-1"]
[PlyCount "76"]
[GameId "1819149998182400"]
[EventDate "2022.08.23"]
[EventType "swiss (blitz)"]
[EventRounds "11"]
[EventCountry "NET"]
[SourceTitle "EXT 2023"]
[Source "ChessBase"]
[SourceDate "2022.10.05"]
[SourceVersion "1"]
[SourceVersionDate "2022.10.05"]
[SourceQuality "1"]

1. e4 c5 2. c4 Nc6 3. Nc3 g6 4. g3 Bg7 5. Bg2 a6 6. Rb1 b5 7. d3 b4 8. Nce2 d6 9. h3 e6 10. f4 Nge7 11. Nf3 O-O 12. d4 cxd4 13. Nexd4 Nxd4 14. Nxd4 Qa5 15. Nb3 Qb6 16. Qe2 a5 17. Be3 Qc7 18. Nd4 Ba6 19. Nb5 Bxb5 20. cxb5 d5 21. O-O d4 22. Bf2 Rfd8 23. e5 Rac8 24. Qd2 Bf8 25. Rfc1 Qb6 26. Rxc8 Nxc8 27. Qd3 Na7 28. Bf1 Rd5 29. Rd1 Bc5 30. Kh2 h5 31. Bg2 Rd8 32. h4 Nxb5 33. Bf1 Nc7 34. Qc4 Nd5 35. Bxd4 Rc8 36. Bxc5 Rxc5 37. Qd3 Ne3 38. Rd2 Rd5 0-1

[Event "Titled Tuesday 2022.08.23 Late"]
[Site "Chess.com INT"]
[Date "2022.08.23"]
[Round "2"]
[White "Preotu, Razvan"]
[Black "Barria Zuniga, Daniel"]
[Result "0-1"]
[WhiteElo "2433"]
[BlackElo "2341"]
[WhiteFideId "-1"]
[WhiteFideId "-1"]
[PlyCount "114"]
[GameId "1819149998841856"]
[EventDate "2022.08.23"]
[EventType "swiss (blitz)"]
[EventRounds "11"]
[EventCountry "NET"]
[SourceTitle "EXT 2023"]
[Source "ChessBase"]
[SourceDate "2022.10.05"]
[SourceVersion "1"]
[SourceVersionDate "2022.10.05"]
[SourceQuality "1"]

1. e4 c5 2. Nf3 e6 3. c3 d5 4. exd5 Qxd5 5. d4 Nf6 6. Na3 a6 7. Nc4 Nbd7 8. Be2 Be7 9. O-O O-O 10. Bf4 b5 11. Ne3 Qc6 12. Ne5 Nxe5 13. dxe5 Nd5 14. Bf3 Bb7 15. c4 bxc4 16. Qc1 Nxf4 17. Bxc6 Ne2+ 18. Kh1 Nxc1 19. Bxb7 Rab8 20. Raxc1 Rxb7 21. Nxc4 Rd8 22. Rfd1 Rd5 23. g3 Kf8 24. Kg2 Ke8 25. f4 g6 26. Kf3 h5 27. b3 Rbd7 28. Ke2 Rd4 29. Rxd4 Rxd4 30. Rd1 Rxd1 31. Kxd1 Kd7 32. Kc2 Kc6 33. Kd3 Kd5 34. Ne3+ Kc6 35. Nc4 Bf8 36. Nd2 Be7 37. Ne4 Kd5 38. Nc3+ Kc6 39. Kc4 g5 40. Ne4 gxf4 41. gxf4 Kb6 42. Ng3 h4 43. Ne4 Kc6 44. h3 Kb6 45. a4 Kc6 46. a5 Bd8 47. Ng5 Bxa5 48. Nxf7 Bd2 49. f5 exf5 50. e6 Bf4 51. Kd3 a5 52. Ke2 Bd6 53. Kf3 c4 54. bxc4 a4 55. Nxd6 Kxd6 56. c5+ Kxe6 57. Ke3 Kd5 0-1

[Event "Titled Tuesday 2022.08.23 Late"]
[Site "Chess.com INT"]
[Date "2022.08.23"]
[Round "3"]
[White "Reprintsev, Alexander"]
[Black "Preotu, Razvan"]
[Result "0-1"]
[WhiteElo "2350"]
[BlackElo "2433"]
[WhiteFideId "-1"]
[WhiteFideId "-1"]
[PlyCount "64"]
[GameId "1819149999165440"]
[EventDate "2022.08.23"]
[EventType "swiss (blitz)"]
[EventRounds "11"]
[EventCountry "NET"]
[SourceTitle "EXT 2023"]
[Source "ChessBase"]
[SourceDate "2022.10.05"]
[SourceVersion "1"]
[SourceVersionDate "2022.10.05"]
[SourceQuality "1"]

1. e4 c5 2. b3 g6 3. Bb2 Nf6 4. e5 Nd5 5. Nc3 Nxc3 6. dxc3 Bg7 7. Qd5 Qc7 8. Nf3 e6 9. Qd6 Qxd6 10. exd6 b6 11. O-O-O Bb7 12. Nd2 f5 13. h4 Nc6 14. h5 Kf7 15. Nf3 Bf6 16. Bb5 a6 17. Bxc6 Bxc6 18. Ne1 Rag8 19. hxg6+ hxg6 20. Rxh8 Rxh8 21. c4 Rh2 22. f3 e5 23. Kd2 Bg5+ 24. Ke2 e4 25. fxe4 Bxe4 26. Be5 Rh1 27. Bg3 Ke6 28. c3 f4 29. Bf2 Bf6 30. g3 f3+ 31. Ke3 Bc6 32. Nxf3 Rxd1 0-1

[Event "Titled Tuesday 2022.08.23 Late"]
[Site "Chess.com INT"]
[Date "2022.08.23"]
[Round "4"]
[White "Preotu, Razvan"]
[Black "Stanojoski, Zvonko"]
[Result "1-0"]
[WhiteElo "2433"]
[BlackElo "2412"]
[WhiteFideId "-1"]
[WhiteFideId "-1"]
[PlyCount "89"]
[GameId "1819149999648768"]
[EventDate "2022.08.23"]
[EventType "swiss (blitz)"]
[EventRounds "11"]
[EventCountry "NET"]
[SourceTitle "EXT 2023"]
[Source "ChessBase"]
[SourceDate "2022.10.05"]
[SourceVersion "1"]
[SourceVersionDate "2022.10.05"]
[SourceQuality "1"]

1. e4 c5 2. Nf3 Nc6 3. Bb5 g6 4. O-O Bg7 5. Re1 e5 6. Bxc6 dxc6 7. d3 Ne7 8. Be3 b6 9. a3 a5 10. Nbd2 h6 11. Nc4 Bg4 12. h3 Bxf3 13. Qxf3 O-O 14. b4 axb4 15. axb4 Rxa1 16. Rxa1 b5 17. Na5 cxb4 18. Bc5 Re8 19. Nb7 Qd7 20. Nd6 Nc8 21. Nxe8 Qxe8 22. Ra8 Qe6 23. Qg4 f5 24. exf5 gxf5 25. Qxb4 Kh7 26. Qa5 Qd5 27. Rxc8 Qxc5 28. Qd8 Qxc2 29. Qg8+ Kg6 30. Qe6+ Kg5 31. Qe7+ Kg6 32. Qe6+ Kg5 33. g3 Qd1+ 34. Kg2 Qxd3 35. Rg8 Qd5+ 36. Qxd5 cxd5 37. Rxg7+ Kf6 38. Rb7 e4 39. Rxb5 Ke5 40. Kf1 Kd4 41. Ke2 Kc4 42. Rb6 h5 43. Rf6 d4 44. Rxf5 d3+ 45. Kd2 1-0